000 00769nam a22002657a 4500
001 4120
003 FISKH
005 20240927113357.0
008 240607b cb ||||| |||| 00| 0 eng d
020 _a9781407109602
040 _aFISKH
_beng
_cFISKH
_dFISKH
050 _aQC73.A76
082 _a531.6
100 _aArnold Nick
_d1964-
245 _aKiller energy /
_cNick Arnold
260 _aNew York :
_bScholastic,
_c2009
300 _a159 pages :
_billustrations ;
_c21 cm
505 _aQ
520 _aPresents the details of why space loos spray out frozen pee and which chilling chemical can preserve pets.
521 8 _a920
_bLexile
521 8 _aQ
_bRaz-Plus
700 _aNick Arnold
942 _2ddc
_cBK
_n0
999 _c4120
_d4120